000 00428pab a2200157 454500
008 180718b2006 xxu||||| |||| 00| 0 eng d
100 _aHodge, David R.
245 _aA template for spiritual assessment: a review of the JCAHO requirements and guidelines for implementation
260 _c2006
300 _ap.317-26.
362 _aOct
650 _aHealth services
773 _aSocial Work
908 _aN
909 _a73764
999 _c73764
_d73764